00517nam a2200157 4500001000700000003000900007005001700016007000300033008004100036100002600077245012700103260003800230300002000268700004000288852003100328127632ES-MaACL20231221152503.0t|070214s1946 ag r ||||1| spa d1 aRiquelme, Víctor B.10aInstituciones de Derecho Procesal Penal / cVíctor B. Riquelme ; prólogo del doctor Niceto Alcalá Zamora y Castillo. aBuenos Aires : bAtalaya, c1946. a1 v. ; c24 cm.1 aAlcalá Zamora, Niceto,d1877-1949 aES-MaACLjC-5454 bR.25686